[Event "GER-chT U16"]
[Site "Walldorf"]
[Date "2017.12.28"]
[Round "4.3"]
[White "Bosch, Jonael"]
[Black "Reichelt, Marius"]
[Result "1-0"]
[WhiteElo "1512"]
[BlackElo "1536"]
[PlyCount "117"]
[EventDate "2017.12.26"]
[EventType "team-swiss"]
[EventRounds "7"]
[EventCountry "GER"]
[SourceTitle "CBM 182 Extra"]
[Source "ChessBase"]
[SourceDate "2018.02.23"]
[SourceVersion "1"]
[SourceVersionDate "2018.02.23"]
[SourceQuality "1"]
[WhiteTeam "Leipzig Turm"]
[BlackTeam "Leipzig Gruen Weiss"]
[WhiteTeamCountry "GER"]
[BlackTeamCountry "GER"]

1. e4 e5 2. Nf3 Nc6 3. Bb5 d6 4. d4 exd4 5. Nxd4 Bd7 6. Nxc6 Bxc6 7. Bxc6+ bxc6 8. 0-0 Be7 9. c4 Rb8 10. Nc3 Bf6 11. Qc2 Ne7 12. Be3 a6 13. Rad1 0-0 14. b3 Re8 15. Rd3 Ng6 16. f3 Ne5 17. Rd2 Qe7 18. Rfd1 Rbd8 19. Ne2 Ng6 20. Nd4 Bxd4 21. Bxd4 Ne5 22. Qb2 c5 23. Bxe5 dxe5 24. Rxd8 Rxd8 25. Rxd8+ Qxd8 26. Qxe5 Qd4+ 27. Qxd4 cxd4 28. c5 f5 29. Kf2 fxe4 30. fxe4 Kf7 31. Ke2 Ke6 32. Kd3 Ke5 33. c6 Kd6 34. Kxd4 Kxc6 35. b4 g5 36. g4 h6 37. a4 Kd6 38. h3 Kc6 39. Ke5 Kd7 40. Kf6 c6 41. e5 Ke8 42. Ke6 a5 43. bxa5 c5 44. a6 Kf8 45. a7 h5 46. gxh5 g4 47. hxg4 c4 48. a8Q+ Kg7 49. g5 c3 50. Qc6 c2 51. Qxc2 Kg8 52. a5 Kh8 53. a6 Kg8 54. Kf5 Kf7 55. a7 Ke7 56. h6 Kd7 57. h7 Ke7 58. Qc7+ Kf8 59. h8Q# 1-0